| 000 | 00523nam a2200193 a 4500 | ||
|---|---|---|---|
| 001 | 1758620201497 | ||
| 003 | YourLibrary | ||
| 005 | 20250923150818.0 | ||
| 008 | 250923s2002##################000#0#eng## | ||
| 020 | _a9780231125451 | ||
| 082 | 0 | 4 |
_a577.015 _bHOF |
| 100 | 1 |
_aHof, John G., _eauthor. |
|
| 245 | 1 | 0 | _aSpatial Optimization in Ecological Applications : |
| 260 |
_bColumbia University Press, _c2002. |
||
| 300 | _a287 pages | ||
| 650 | 0 | _aNature. | |
| 942 | _cENGLISH | ||
| 040 |
_aYourLibrary _beng _cYourLibrary |
||
| 999 |
_c589039 _d589039 |
||